000 00267nam a2200121Ia 4500
008 190216s9999||||xx |||||||||||||| ||und||
100 _aKakkad N N
245 0 _aNatanchinthukal
260 _bP K Brothers
_c1987
300 _a77p
650 _aKavithkal
942 _cBK
999 _c26400
_d26400